Ṭeṛhī lakīr / (Record no. 62290)
[ view plain ]
| 000 -LEADER | |
|---|---|
| fixed length control field | 00528cam a22001934a 4500 |
| 001 - CONTROL NUMBER | |
| control field | sa 65001869 |
| 003 - CONTROL NUMBER IDENTIFIER | |
| control field | DLC |
| 005 - DATE AND TIME OF LATEST TRANSACTION | |
| control field | 20260227112112.0 |
| 008 - FIXED-LENGTH DATA ELEMENTS--GENERAL INFORMATION | |
| fixed length control field | 840814s1944 pk 000 1 urdo |
| 010 ## - LIBRARY OF CONGRESS CONTROL NUMBER | |
| LC control number | sa 65001869 |
| 040 ## - CATALOGING SOURCE | |
| Original cataloging agency | DLC |
| Transcribing agency | DLC |
| Modifying agency | DLC |
| 050 00 - LIBRARY OF CONGRESS CALL NUMBER | |
| Classification number | PK2200.C57 |
| Item number | T43 1944 |
| 100 1# - MAIN ENTRY--PERSONAL NAME | |
| Personal name | Cug̲h̲tāʼī, ʻIṣmat, |
| Dates associated with a name | 1915-1991. |
| 245 10 - TITLE STATEMENT | |
| Title | Ṭeṛhī lakīr / |
| Statement of responsibility, etc. | ʻIṣmat Shāhīd Lat̤īf. |
| 260 ## - PUBLICATION, DISTRIBUTION, ETC. | |
| Place of publication, distribution, etc. | Lāhaur : |
| Name of publisher, distributor, etc. | Nayā Idārāh, |
| Date of publication, distribution, etc. | [1944] |
| 300 ## - PHYSICAL DESCRIPTION | |
| Extent | 584 p. ; |
| Dimensions | 19 cm. |
| 500 ## - GENERAL NOTE | |
| General note | Novel. |
| 546 ## - LANGUAGE NOTE | |
| Language note | In Urdu. |
No items available.